| 000 | 01473cam a2200325 4500 | ||
|---|---|---|---|
| 001 | L149044 | ||
| 008 | 040820n2005 000 0 eng u | ||
| 020 | _a1842192000 | ||
| 022 | _a1464-648X | ||
| 035 | _a(Sirsi) u149044 | ||
| 041 | _aeng | ||
| 050 |
_a690.0285 _c18 |
||
| 100 | _aLee, Angela | ||
| 245 |
_anD modelling _ba driver or enabler for construction improvement? (part 2 - Workshop findings) |
||
| 260 |
_aLondon _bRICS _c2005 |
||
| 490 |
_aRICS Research Paper Series _v5(6) April 2005 |
||
| 520 | _aPaper explores the concept of nD modelling; lays out the nD modelling opportunities and barriers for the implementation within a business context and concludes by examining whether it can be applied industry-wide or remain a PR tool for the big players in the industry. Suggests that the nD modelling approach is ideal, but not achievable in the short term, largely due to the industry's unwillingness to work together in an interdisciplinary way. | ||
| 590 | _aIKA190505 | ||
| 651 | 4 | _aENGLAND AND WALES | |
| 690 | _aBUILT ENVIRONMENT-CONSTRUCTION DESIGN | ||
| 700 | _aWu, Song | ||
| 700 | _aMarshall-Ponting, Amanda | ||
| 700 | _aAouad, Ghassan | ||
| 700 | _aCooper, Rachel | ||
| 700 | _aChangfeng, Fu | ||
| 700 | _aTah, Joseph | ||
| 710 |
_aRoyal Institution of Chartered Surveyors _bResearch _94902 |
||
| 856 |
_uhttps://www.rics.org/site/download_feed.aspx?fileID=5416 _zView the item free of charge at www.rics.org... |
||
| 942 | _n0 | ||
| 999 |
_c110347 _d110347 |
||